| 000 | 00756 a2200217 4500 | ||
|---|---|---|---|
| 001 | 47124 | ||
| 005 | 20260407155739.0 | ||
| 008 | 260407a1985 arg spa d | ||
| 003 | AR-UNSa-BCEJYS | ||
| 040 |
_aAR-UNSa-BCEJYS _bspa _cAR-UNSa-BCEJYS |
||
| 080 |
_a(038)33 _xDiccionario de Economía |
||
| 245 | 1 | 0 | _aDiccionario de Teoría Económica |
| 020 | _a84-368-0297-7 | ||
| 264 | 1 |
_aMadrid : _bEdiciones Pirámide _c1985 |
|
| 300 |
_a313 p. _c22 cm. |
||
| 520 | _aTerminología de la economía y expresions de uso común en el campo de esta materia | ||
| 942 | _cBK | ||
| 590 | _aniveau_biblio:m niveau_hierar:0 | ||
| 100 | 1 | _aAhijado, Manuel | |
| 856 | 4 | 1 |
_uhttps://www.biblioeco.unsa.edu.ar/pmb/images/libros/L127397.jpg _yImagen de portada _qimage/jpeg |
| 999 |
_c4292 _d4292 |
||